00263nam a2200097Ia 4500008004100000082001200041100003500053245005900088260000900147300000900156190415s9999 xx 000 0 und d aRI.001; aPunjabrao Agricultural Univers 0aIntegrated Rural Development (IRD) Wardha, Maharashtra c1977 av.p.